A digitális könyvtár mítosza

Elmentve itt :
Bibliográfiai részletek
Szerző: Tószegi Zsuzsanna
Dokumentumtípus: Cikk
Megjelent: 2000
Sorozat:Iskolakultúra 10 No. 4
Online Access:http://misc.bibl.u-szeged.hu/40354
LEADER 00564nab a2200169 i 4500
001 misc40354
005 20191106140924.0
008 180709s2000 hu o 0|| zxx d
022 |a 1215-5233 
040 |a SZTE Miscellanea Repozitórium  |b hun 
041 |a zxx 
100 1 |a Tószegi Zsuzsanna 
245 1 2 |a A digitális könyvtár mítosza  |h [elektronikus dokumentum] /  |c  Tószegi Zsuzsanna 
260 |c 2000 
300 |a 14-19 
490 0 |a Iskolakultúra  |v 10 No. 4 
856 4 0 |u http://misc.bibl.u-szeged.hu/40354/1/EPA00011_iskolakultura_2000_04_014-019.pdf  |z Dokumentum-elérés